<?xml version="1.0" encoding="UTF-8"?>
<collection xmlns="http://www.loc.gov/MARC21/slim">
 <record>
  <leader>03523ppm a22003258a 4500</leader>
  <controlfield tag="001">00031328</controlfield>
  <controlfield tag="005">20190118100126.0</controlfield>
  <controlfield tag="008">131128s2012                  ||||||viesd</controlfield>
  <datafield tag="020" ind1=" " ind2=" ">
   <subfield code="c">32000</subfield>
  </datafield>
  <datafield tag="041" ind1="0" ind2="#">
   <subfield code="a">vie</subfield>
  </datafield>
  <datafield tag="082" ind1="1" ind2="4">
   <subfield code="a">371.1</subfield>
   <subfield code="b">QU105L</subfield>
  </datafield>
  <datafield tag="100" ind1="1" ind2="#">
   <subfield code="a">Phạm, Minh Giản</subfield>
  </datafield>
  <datafield tag="245" ind1="1" ind2="0">
   <subfield code="b">Luận án tiến sĩ quản lý giáo dục. Chuyên ngành: Quản lý giáo dục. Mã số: 62.14.05.01</subfield>
   <subfield code="a">Quản lý phát triển đội ngũ giáo viên Trung học Phổ thông các tỉnh đồng bằng sông Cửu Long theo hướng chuẩn hóa</subfield>
   <subfield code="c">Phạm Minh Giản; Đặng Bá Lâm, Lê Vân Anh (hướng dẫn)</subfield>
  </datafield>
  <datafield tag="260" ind1="#" ind2="#">
   <subfield code="a">Hà Nội</subfield>
   <subfield code="c">2012</subfield>
  </datafield>
  <datafield tag="300" ind1="#" ind2="#">
   <subfield code="e">bản tóm tắt</subfield>
   <subfield code="a">216 tr.+phụ lục</subfield>
   <subfield code="c">24 cm.</subfield>
   <subfield code="b">bảng biểu</subfield>
  </datafield>
  <datafield tag="500" ind1="#" ind2="#">
   <subfield code="a">ĐTTTS ghi: Bộ giáo dục và đào tạo. Viện Khoa học Giáo dục Việt Nam</subfield>
  </datafield>
  <datafield tag="653" ind1="#" ind2="#">
   <subfield code="a">Luận án</subfield>
  </datafield>
  <datafield tag="653" ind1="#" ind2="#">
   <subfield code="a">Giáo dục</subfield>
  </datafield>
  <datafield tag="653" ind1="#" ind2="#">
   <subfield code="a">Quản lý giáo dục</subfield>
  </datafield>
  <datafield tag="653" ind1="#" ind2="#">
   <subfield code="a">Đồng bằng sông Cửu Long</subfield>
  </datafield>
  <datafield tag="653" ind1="#" ind2="#">
   <subfield code="a">Trung học phổ thông</subfield>
  </datafield>
  <datafield tag="653" ind1="#" ind2="#">
   <subfield code="a">Quản lý phát triển</subfield>
  </datafield>
  <datafield tag="700" ind1="1" ind2="#">
   <subfield code="a">Lê, Vân Anh</subfield>
   <subfield code="e">Hướng dẫn</subfield>
  </datafield>
  <datafield tag="700" ind1="1" ind2="#">
   <subfield code="a">Đặng, Bá Lâm</subfield>
   <subfield code="e">Hướng dẫn</subfield>
  </datafield>
  <datafield tag="852" ind1="#" ind2="#">
   <subfield code="b">Kho giáo trình</subfield>
   <subfield code="j">KGT.0037848, KGT.0037849, KGT.0037850, KGT.0037851, KGT.0037852, KGT.0037853, KGT.0037854, KGT.0037855, KGT.0037856, KGT.0037857, KGT.0037858, KGT.0037859, KGT.0037860, KGT.0037861, KGT.0037862, KGT.0037863, KGT.0037864, KGT.0037865, KGT.0037866, KGT.0037867, KGT.0037868, KGT.0037869, KGT.0037870, KGT.0037871, KGT.0037872, KGT.0037873, KGT.0037874, KGT.0037875, KGT.0037876, KGT.0037877, KGT.0037878, KGT.0037879, KGT.0037880, KGT.0037881, KGT.0037882, KGT.0037883, KGT.0037884, KGT.0037885, KGT.0037886, KGT.0037887, KGT.0037888, KGT.0037889, KGT.0037890, KGT.0037891, KGT.0037892, KGT.0037893, KGT.0037894, KGT.0037895, KGT.0037896, KGT.0037897, KGT.0037898, KGT.0037899, KGT.0037900, KGT.0037901, KGT.0037902, KGT.0037903, KGT.0037904, KGT.0037905, KGT.0037906, KGT.0037907, KGT.0037908, KGT.0037909, KGT.0037910, KGT.0037911, KGT.0037912, KGT.0037913, KGT.0037914, KGT.0037915, KGT.0037916, KGT.0037917, KGT.0037918, KGT.0037919, KGT.0037920, KGT.0037921, KGT.0037922, KGT.0037923, KGT.0037924, KGT.0037925, KGT.0037926, KGT.0037927, KGT.0037928, KGT.0037929, KGT.0037930, KGT.0037931, KGT.0037932, KGT.0037933, KGT.0037934, KGT.0037935, KGT.0037936, KGT.0037937, KGT.0037938, KGT.0037939, KGT.0037940, KGT.0037941, KGT.0037942, KGT.0037943, KGT.0037944, KGT.0037945, KGT.0037946, KGT.0037947, KGT.0037948, KGT.0037949, KGT.0037950, KGT.0037951, KGT.0037952, KGT.0037953, KGT.0037954, KGT.0037955, KGT.0037956, KGT.0037957, KGT.0037958, KGT.0037959, KGT.0037960, KGT.0037961, KGT.0037962, KGT.0037963, KGT.0037964, KGT.0037965, KGT.0037966, KGT.0037967, KGT.0037968, KGT.0037969, KGT.0037970, KGT.0037971, KGT.0037972, KGT.0037973, KGT.0037974, KGT.0037975, KGT.0037976, KGT.0037977, KGT.0037978, KGT.0037979, KGT.0037980, KGT.0037981, KGT.0037982, KGT.0037983, KGT.0037984, KGT.0037985, KGT.0037986, KGT.0037987, KGT.0037988, KGT.0037989, KGT.0037990, KGT.0037991, KGT.0037992, KGT.0037993, KGT.0037994, KGT.0037995, KGT.0037996, KGT.0037997, KGT.0037998, KGT.0037999, KGT.0038000, KGT.0038001</subfield>
  </datafield>
  <datafield tag="852" ind1="#" ind2="#">
   <subfield code="j">LA.0000034</subfield>
  </datafield>
  <datafield tag="852" ind1="#" ind2="#">
   <subfield code="b">Kho đọc SĐH</subfield>
   <subfield code="j">LA.0000034</subfield>
  </datafield>
  <datafield tag="852" ind1="#" ind2="#">
   <subfield code="b">Kho đọc</subfield>
   <subfield code="j">KD.0014572, KD.0014583</subfield>
  </datafield>
  <datafield tag="910" ind1="#" ind2="#">
   <subfield code="d">28/11/2013</subfield>
   <subfield code="e">nhnam</subfield>
   <subfield code="f">18/01/2019</subfield>
  </datafield>
  <datafield tag="980" ind1="#" ind2="#">
   <subfield code="a">Trung tâm Học liệu Lê Vũ Hùng, Trường Đại học Đồng Tháp</subfield>
  </datafield>
 </record>
</collection>
